مكتبة جامعة عجلون الوطنية

فهرس بحث المكتبة

Normal view MARC view
  • المومني، عبدالحميد وليد

Entry Personal Name

Number of records used in: 1

001 - CONTROL NUMBER

  • control field: 66567

003 - CONTROL NUMBER IDENTIFIER

  • control field: JO-AjAnu

005 - DATE AND TIME OF LATEST TRANSACTION

  • control field: 20250714101110.0

008 - FIXED-LENGTH DATA ELEMENTS

  • fixed length control field: 250714|| aca||aabn | a|a d

040 ## - CATALOGING SOURCE

  • Original cataloging agency: JO-AjAnu

100 ## - HEADING--PERSONAL NAME

  • Personal name: المومني، عبدالحميد وليد
  • Relator term: معد